Hiszpańscy piłkarze w Erze Premier League - Statystyki

Ogólne statystyki
  • Ten quiz został rozwiązany 45 razy
    11 od ostatniego zresetowania
  • Średni wynik to 28 z 164
Statystyki odpowiedzi
Lata Gry Piłkarz % Poprawnych
2019 - nadal Rodri
90%
2010 - 2020 David Silva
80%
2012 - 2023 César Azpilicueta
70%
2004 - 20112014 - 2019 Cesc Fàbregas
70%
2011 - 2023 David De Gea
70%
2014 - 20172022 - 2023 Diego Costa
70%
2005 - 20062007 - 2008 Gerard Piqué
70%
2018 - 2023 Kepa Arrizabalaga
70%
2005 - 20132019 - 2020 Pepe Reina
70%
2020 - 2023 Thiago
70%
2004 - 2009 Xabi Alonso
70%
2017 - 2019 Álvaro Morata
60%
2017 - 2023 Aymeric Laporte
60%
2007 - 2015 Fernando Torres
60%
2013 - 2015 Roberto Soldado
60%
2021 - nadal David Raya
50%
2016 - 2019 Fernando Llorente
50%
2004 - 2006 Fernando Morientes
50%
2020 - 2022 Ferran Torres
50%
2011 - 2023 Juan Mata
50%
2021 - nadal Marc Cucurella
50%
2015 - 2020 Pedro
50%
2006 - 20092016 - 2017 Álvaro Arbeloa
40%
2013 - 20142016 - 2017 Álvaro Negredo
40%
2013 - 2017 Jesús Navas
40%
2011 - 20122013 - 2014 2016 - 2022 Marcos Alonso
40%
2011 - 20132015 - 2022 Oriol Romeu
40%
2014 - 2017 Víctor Valdés
40%
2014 - 2019 Alberto Moreno
30%
2023 - 2024 Ansu Fati
30%
2014 - 20162017 - 2022 Ayoze Pérez
30%
2020 - 2023 Diego Llorente
30%
2019 - 2021 Eric García
30%
2004 - 2005 Fernando Hierro
30%
2013 - 2020 Gerard Deulofeu
30%
2014 - 2021 Héctor Bellerín
30%
2017 - 2018 Jesé
30%
2015 - 20162017 - 2019 Joselu
30%
2020 - 2021 Kiko Casilla
30%
2004 - 2012 Manuel Almunia
30%
2004 - 2016 Mikel Arteta
30%
2012 - 2020 Nacho Monreal
30%
2016 - 2017 Nolito
30%
2023 - nadal Pau Torres
30%
2022 - nadal Pedro Porro
30%
2012 - 2018 Santi Cazorla
30%
2021 - 2022 Saúl Ñíguez
30%
2020 - nadal Sergio Reguilón
30%
2015 - 20172018 - nadal Adama Traoré
20%
2013 - nadal Adrián
20%
2014 - 2019 Ander Herrera
20%
2019 - 2020 Angeliño
20%
2014 - 2018 Bojan Krkic
20%
2017 - 2018 Brahim Díaz
20%
2019 - 2021 Dani Ceballos
20%
2013 - 2014 Iago Aspas
20%
2012 - 2014 Javi García
20%
2019 - 2020 Jesús Vallejo
20%
2003 - 2006 José Antonio Reyes
20%
2007 - 2015 José Enrique
20%
2004 - 2007 Luis García
20%
2012 - 2014 Michu
20%
2005 - 20062008 - 2010 Albert Riera
10%
2015 - 2017 Aleix García
10%
2022 - nadal Álex Moreno
10%
2011 - 2018 Ángel Rangel
10%
2016 - 20172019 - 2020 Borja Bastón
10%
2014 - 20152016 - 2023 Javier Manquillo
10%
2017 - 2018 Jesús Gámez
10%
2018 - nadal Jonny Otto
10%
2015 - 2016 Juanmi
10%
2017 - 2022 Kiko Femenía
10%
2016 - 20172018 - 2019 Lucas Pérez
10%
2013 - 2014 Luis Alberto
10%
2013 - 2017 Marc Muniesa
10%
2015 - 2016 Mario Suárez
10%
2009 - 2012 Míchel Salgado
10%
2017 - 2018 Mikel Merino
10%
2019 - 2024 Pablo Fornals
10%
2012 - 20142020 - 2021 Pablo Hernández
10%
2019 - 2022 Pablo Marí
10%
2022 - nadal Pablo Sarabia
10%
2015 - 2016 Pedro Chirivella
10%
2019 - 2020 Roberto
10%
2020 - nadal Robert Sánchez
10%
2020 - 2023 Rodrigo
10%
2017 - 2019 Sandro Ramírez
10%
2022 - nadal Sergio Gómez
10%
2022 - nadal Stefan Bajcetic
10%
2012 - 2013 Suso
10%
2018 - 2023 | 2018 - nadal Vicente Guaita
10%
2010 - 2013 Adrián López
0%
2011 - 2013 Albert Crusat
0%
1998 - 2003 Albert Ferrer
0%
2005 - 2007 Albert Luque
0%
2013 - 2014 Alejandro Pozuelo
0%
2021 - 2022 Álvaro Fernández
0%
2013 - 2014 Álvaro Vázquez
0%
2016 - 2017 Antonio Barragán
0%
2013 - 2014 Antonio Luna
0%
2004 - 2005 Antonio Núñez
0%
2005 - 2006 Asier del Horno
0%
2007 - 2008 Borja Oubiña
0%
2008 - 2009 Borja Valero
0%
2017 - 2019 Bruno Saltor
0%
2021 - 2023 Bryan Gil
0%
2014 - 2016 Carles Gil
0%
2008 - 2014 Carlos Cuéllar
0%
2006 - 2007 César Martín
0%
2012 - 2014 Chico Flores
0%
2009 - 20102011 - 2012 2016 - 2017 Daniel Ayala
0%
2009 - 2011 Dani Pacheco
0%
2018 - 2019 Denis Suárez
0%
2018 - 2020 Diego Rico
0%
2008 - 2009 Diego Tristán
0%
2012 - 2013 Edu Campabadal
0%
2012 - 2013 Esteban Granero
0%
2018 - 2022 Fabri
0%
2008 - 2010 Fran Mérida
0%
2003 - 2007 Gaizka Mendieta
0%
2022 - nadal Hugo Bueno
0%
2012 - 2013 Iago Falque
0%
2010 - 2013 Ignasi Miquel
0%
2002 - 2008 Iván Campo
0%
2012 - 2013 Iván Ramis
0%
2004 - 2005 Javi de Pedro
0%
2007 - 20102012 - 2014 Javier Garrido
0%
2003 - 2004 Javi Moreno
0%
2012 - 20182022 - 2023 Joel Robles
0%
2009 - 2016 Jordi Gómez
0%
2013 - 2014 José Alberto Cañas
0%
2013 - 2014 José Campaña
0%
2015 - 2016 José Crespo
0%
2015 - 2016 José Manuel Jurado
0%
2004 - 2006 Josemi
0%
2014 - 2015 José Pozo
0%
2019 - 2020 Jota Peleteiro
0%
2013 - 2014 Juan Cala
0%
2022 - nadal Juan Larios
0%
2006 - 2007 Kepa Blanco
0%
2015 - 2016 Manu García
0%
1999 - 2002 Marcelino
0%
2018 - 2019 Marc Navarro
0%
2022 - 2023 Marc Roca
0%
2018 - 2020 Martín Montoya
0%
2009 - 2011 Míchel Madera
0%
2007 - 2008 Mikel Alonso
0%
1992 - 1993 Nayim
0%
2001 - 2002 Pablo Couñago
0%
2010 - 2011 Pablo Ibáñez
0%
2002 - 2003 Quique de Lucas
0%
2002 - 2003 Raúl Bravo
0%
2002 - 2003 Ricardo
0%
2010 - 20112012 - 2013 Román Golobart
0%
2017 - 2018 Roque Mesa
0%
2010 - 2012 Rubén Rochina
0%
2002 - 2003 Salva Ballesta
0%
2015 - 20162021 - 2023 Sergi Canós
0%
2018 - 2019 Sergio Rico
0%
2017 - 2019 Vicente Iborra
0%
2018 - 2020 Víctor Camarasa
0%
2008 - 20092010 - 2011 Xisco
0%
2001 - 2002 Yordi
0%
Nie znaleziono quizów pasujących do podanych kryteriów
Rozkład punktacji
Procent ludzi z każdym wynikiem
Percentyl według liczby udzielonych odpowiedzi
Twoja historia wyników
Nie rozwiązałeś tego quizu od ostatniego zresetowania